The approved mental health professional’s guide to mental health law
Guardat en:
| Autor principal: | |
|---|---|
| Format: | Llibre |
| Idioma: | anglès |
| Publicat: |
Sage Publications
2016
|
| Etiquetes: |
Afegir etiqueta
Sense etiquetes, Sigues el primer a etiquetar aquest registre!
|
MARC
| LEADER | 00000nam a22000007a 4500 | ||
|---|---|---|---|
| 008 | 201210b ||||| |||| 00| 0 eng d | ||
| 020 | |a 978-1-4739-4830-3 | ||
| 100 | |a BROWN, Robert. | ||
| 245 | |a The approved mental health professional’s guide to mental health law |c Robert Brown |g xiii; 248p; ill. | ||
| 250 | |b 4th ed. | ||
| 260 | |b Sage Publications |c 2016 |h Los Angeles |i 693293 |l HV690 .B82 |m Social case work – England. | ||
| 942 | |a lcc |c BK |e YUNUSA, A.A. |f 10/12/2020 | ||
| 952 | |0 0 |1 0 |2 lcc |4 0 |6 HV0690 B82 |7 0 |9 292 |a HOL |b HOL |c GJ |d 2020-12-10 |l 0 |o HV690 .B82 |p 2020-2029 |r 2020-12-10 00:00:00 |w 2020-12-10 |y BK | ||
| 952 | |0 0 |1 0 |2 lcc |4 0 |6 HV0690 B82 |7 0 |9 293 |a HOL |b HOL |c GJ |d 2020-12-10 |l 0 |o HV690 .B82 |p 2020-2030 |r 2020-12-10 00:00:00 |w 2020-12-10 |y BK | ||
| 999 | |c 129 |d 129 | ||